| 000 | 00393nam a2200169Ia 4500 | ||
|---|---|---|---|
| 005 | 20250423101207.0 | ||
| 008 | 250422s9999 xx 000 0 und d | ||
| 020 | _a0-88070779-8 | ||
| 050 | _aPS 3558 .A8237 C35/ | ||
| 100 | _aHawse, Alberta | ||
| 245 | 4 | _aThe call of the green bird | |
| 260 | _aOregon | ||
| 260 | _bMultnomah Books | ||
| 260 | _c1995 | ||
| 300 | _a335 p | ||
| 942 | _cBK | ||
| 999 |
_c35571 _d35571 |
||